000 00663nam a2200277Ia 4500
005 20260324133825.0
008 008 260324s9999 xx 000 0 eng d
020 _a9781315811086
037 _aEBOOK
040 _aCRL
040 _beng
040 _cCRL
041 _2eng
041 _aeng
084 _qCRL
100 _aMark Dougan
_91194538
245 2 _aA Political Economy Analysis of China's Civil Aviation Industry
260 _bTaylor and Francis
260 _c2002
365 _a
365 _b230
856 _uhttp://www.taylorfrancis.com/books/9781315811086
942 _cEBOOK
999 _c1793974
_d1793974